000 00790nam a2200205 a 4500
008 080109s1992 ||||||||||||||||| || u
020 _a0273037951
050 _aHD 45 Twi
100 _aTwiss, Brian C
245 1 0 _aManaging techological innovation
250 _a4th ed.
260 _aLondon
_bPitman
_c1992
300 _axxv, 309p. : ill
350 _a0.00
650 0 _aINDUSTRIAL MANAGEMENT
650 7 _aTECHNOLOGICAL INNOVATIONS
_2fast
650 0 _aMANAGEMENT
995 _aMAIN LIBRARY OPEN ACCESS
_D0.00
_e733782
_FCBU-MAIN LIBRARY (Kitwe)
_H2
_I22.50
_jHD 45 Twi
_M2
_UAVAILABLE
_y45987
_ZMain Library Open Access Collection
995 _aMAIN LIBRARY OPEN ACCESS
_D0.00
_e723559
_FCBU-MAIN LIBRARY (Kitwe)
_H1
_I22.50
_jHD 45 Twi
_M1
_UAVAILABLE
_y003521
_ZMain Library Open Access Collection
999 _c82572
_d82572